Visualizzazione normale
Vista MARC
- Shapiro David Shel
di Personal Name
Records bibliografici associati: 1
001 - CONTROL NUMBER
- control field: 6583
003 - CONTROL NUMBER IDENTIFIER
- control field: IT-RoPau
005 - DATE AND TIME OF LATEST TRANSACTION
- control field: 20131220161130.0
008 - FIXED-LENGTH DATA ELEMENTS
- fixed length control field: 131220|| aca||aabn | a|a d
040 ## - CATALOGING SOURCE
- Original cataloging agency: IT-RoPau
- Transcribing agency: IT-RoPau
100 ## - HEADING--PERSONAL NAME
- Personal name: Shapiro David Shel
- Dates associated with a name: Codice autore musica SPICS: 24542
- Relator term: Autore musica
- Name of part/section of a work: Buonasera dottore
670 ## - SOURCE DATA FOUND
- Source citation: Work cat.: (IT-RoPau)99822: AA.VV. 794, Successi di sempre vol. 2 (Lp Rb 43)